Tài liệu luyện thi năng lực tiếng Nhật, tập 3

Saved in:
Bibliographic Details
Format: Book
Published: 2006
Tags: Add Tag
No Tags, Be the first to tag this record!
Institutions: Mạng thư viện Đại học Đà Nẵng
LEADER 00476nam a22001811a 4500
001 000038696
003 14991
005 20160412021437.0
008 160412s2006 000
082 |a 4N(07)284-88 
245 |a Tài liệu luyện thi năng lực tiếng Nhật, tập 3  |c Trần Việt Thanh 
260 |c 2006 
OWN |a LNN 
999 |a From the UDN01 
TYP |a Monograph 
980 |a Mạng thư viện Đại học Đà Nẵng